000
00284nam a2200109 a 4500
008
110427s1977|||| d
245
1
0
_a
Deutsch intensiv
_b
Grundkurs fur Ausländer
260
_b
Veb verlag encyklopédie
_a
Lipsko
_c
1977
020
_c
5
041
_a
nemecký
044
_a
DE
999
_c
19202
_d
19202